| 000 | 00728nam a2200229 a 4500 | ||
|---|---|---|---|
| 001 | 73728 | ||
| 003 | BD-RjUL | ||
| 005 | 20211209082434.0 | ||
| 008 | 170607s1957 xx a 001 0 eng | ||
| 035 | _a(BD-RjUL)73946 | ||
| 040 |
_aDLC _cPPi _dBD-RjUL _beng |
||
| 041 | _aeng | ||
| 082 |
_a657 _223 _bTRS 1957 |
||
| 100 | 1 |
_aTrueblood, Robert M. _9218241 |
|
| 245 | 1 | 0 |
_aSampling techniques in accounting / _cby Robert M. Trueblood and Richard M. Cyert. |
| 260 |
_aEnglewood Cliffs, N.J. : _bPrentice-Hall, _cc1957 |
||
| 300 |
_axii, 211 p. : _bill. ; _c24 cm. |
||
| 650 | 0 |
_aAccounting. _9218242 |
|
| 650 | 0 |
_aSampling (Statistics) _9218243 |
|
| 700 | 1 |
_aCyert, Richard Michael, _d1921- _ejoint author. _9218244 |
|
| 942 |
_2ddc _cBK |
||
| 999 |
_c73728 _d73728 |
||